000 01228nam a2200313Ia 4500
001 ebr10190197
003 CaPaEBR
006 m u
007 cr cn|||||||||
008 070521s2007 maua sb 001 0 eng d
020 _z9780750679626 (hbk.)
020 _z075067962X (hbk.)
040 _aCaPaEBR
_cCaPaEBR
035 _a(OCoLC)290466620
050 1 4 _aTK7871.58.P6
_bG74 2007eb
082 0 4 _a621.381535
_222
100 1 _aGrebennikov, Andrei,
_d1956-
245 1 0 _aSwitchmode RF power amplifiers
_h[electronic resource] /
_cAndrei Grebennikov and Nathan O. Sokal.
260 _aBurlington, MA ;
_aAmsterdam :
_bElsevier/Newnes,
_cc2007.
300 _axviii, 424 p. :
_bill.
504 _aIncludes bibliographical references and index.
533 _aElectronic reproduction.
_bPalo Alto, Calif. :
_cebrary,
_d2009.
_nAvailable via World Wide Web.
_nAccess may be limited to ebrary affiliated libraries.
650 0 _aPower amplifiers.
650 0 _aMicrowave amplifiers.
655 7 _aElectronic books.
_2local
700 1 _aSokal, Nathan O.
710 2 _aebrary, Inc.
856 4 0 _uhttp://site.ebrary.com/lib/rucke/Doc?id=10190197
_zAn electronic book accessible through the World Wide Web; click to view
999 _c234208
_d234208